| 000 | 00823nam a2200265 a 4500 | ||
|---|---|---|---|
| 008 | |||
| 020 | _a0631125175 | ||
| 049 | _aMAIN | ||
| 090 |
_aHB90 _bHUT |
||
| 100 | 1 | _aHutchison, T.W. | |
| 245 | 1 | 4 |
_aThe politics and philosophy of economics : _bMarxians, Keynesians, and Austrians / _cT.W. Hutchison. |
| 260 |
_aOxford : _bBlackwell, _c1981. |
||
| 300 |
_ax, 310 p. ; _c23 cm. |
||
| 504 | _aIncludes bibliographical references. | ||
| 500 | _aIncludes index. | ||
| 650 | 0 |
_aEconomics _xHistory. |
|
| 650 | 0 |
_aMarxian economics _xHistory. |
|
| 650 | 0 |
_aKeynesian economics _xHistory. |
|
| 650 | 0 |
_aAustrian school of economics _xHistory. |
|
| 907 |
_a.b10035102 _b28-08-12 _c17-04-03 |
||
| 003 | |||
| 005 | 20230123133157.0 | ||
| 040 | _cNUST | ||
| 942 |
_cBOOKS _kHB90 _mHUT |
||
| 999 |
_c144054 _d144054 |
||